000 00918nam a22002657a 4500
001 7072
003 FISKH
005 20250620090652.0
008 250620b cb ||||| |||| 00| 0 eng d
020 _a9780545512176
040 _aFISKH
_beng
_cFISKH
_dFISKH
050 _aPZ7.M478448 L
082 _a823.92
100 _aMcElligott, Matthew
245 _aThe Lion's share :
_bA tale of halving cake and eating it, too /
_cMatthew McElligott
260 _aNew York :
_bScholastic,
_c2009.
300 _a32 unnumbered pages :
_bcolor illustrations ;
_c23 cm
505 _aN
520 _aAnt is honored to receive an invitation to lion's annual dinner party, but is shocked when the other guests behave rudely and then accuse her of thinking only of herself.
521 8 _a550
_bLexile AD
521 8 _aN
_bRaz-Plus
650 _aAnimals
_vFractions
_xLion
942 _2ddc
_cBK
_n0
999 _c7072
_d7072